000
00326nam a2200133Ia 4500
008
240624s9999 xx 000 0 und d
041
_a
eng
082
_a
658 RAJ
100
_a
RAJU R SATYA
245
_a
MANAGEMENT TEXT AND CASES
260
_c
2002
_a
New Delhi
_b
Prentice-Hall
300
_a
x, : 294 : p. : cm. ; 24
365
_c
RS
999
_c
409
_d
409